000 00845nam a2200241Ia 4500
003 OSt
005 20220923223823.0
006 a|||||r|||| 00| 0
007 ta
008 220922b |||||||| |||| 00| 0 hin d
024 _a221,675
037 _cTextual
040 _aARTS
_cARTS
_bhin
041 _2hin
_ahin
082 _aO15,1N35:g, 152P3
100 _aमलिक, बेला
245 0 _aडॉ रेवाप्रसाद द्विवेदी
_b व्यक्तित्व एंव कृतित्व
246 _aḌaॉ revāprasād dvivedī: vyaktitva eanva kṛutitva
260 _aजयपुर
_b पब्लिकेशन स्कीम
_c2003
300 _a13] 298पृ.
_ccm.
942 _hO15,1N35:g, 152P3
_cTEXL
_2CC
999 _c367564
_d367564